Manual de la xarxa Xaloc Intermediació
ISBN:
84-7794-843-7
Publicado:
[Barcelona] :
Diputació de Barcelona, Xarxa de Municipis, Àrea de Promoció Econòmica i Ocupació ,
2002
Descripción Física:
46 p. ; 30 cm
Colección:
Quaderns de foment de l'ocupació
; 3
Materias:
Xaloc Intermediació
; Barcelona (Catalunya : Província). -- Xarxa de Serveis Locals d'Ocupació
; Ocupació -- Barcelona (Catalunya : Província)
Idioma:
Catalán
MARC
| LEADER | 00000nam a2200000Ia 4500 | ||
|---|---|---|---|
| 001 | 13637 | ||
| 003 | Arxiu | ||
| 005 | 20260324175658.0 | ||
| 008 | 160829s2002 spc xx s cat c | ||
| 020 | |a 84-7794-843-7 | ||
| 040 | |a AGDB | ||
| 080 | |a FU-17-18 | ||
| 245 | 0 | 0 | |a Manual de la xarxa Xaloc Intermediació |
| 250 | |a Ed. en català | ||
| 260 | |a [Barcelona] : |b Diputació de Barcelona, Xarxa de Municipis, Àrea de Promoció Econòmica i Ocupació, |c cop. 2002 | ||
| 300 | |a 46 p. ; |c 30 cm | ||
| 490 | 1 | |a Quaderns de Foment de l'Ocupació ; |v 3 | |
| 590 | |a Existeix una edició en castellà. | ||
| 590 | |a Glossari | ||
| 610 | 2 | 0 | |a Xaloc Intermediació |9 55209 |
| 610 | 1 | 0 | |a Barcelona (Catalunya : Província). |b Xarxa de Serveis Locals d'Ocupació |9 52908 |
| 650 | 0 | |a Ocupació |z Barcelona (Catalunya : Província) |9 36139 | |
| 710 | 1 | |a Barcelona (Catalunya : Província). |b Àrea de Promoció Econòmica i Ocupació |9 17540 | |
| 830 | 0 | |9 55981 |a Quaderns de foment de l'ocupació |v 3 | |
| 901 | |a Arxiu | ||
| 942 | |n 1 |2 udc |c ARXIU | ||
| 952 | |0 0 |1 0 |4 0 |6 FU1718 |7 1 |9 47974 |a Arxiu |b Arxiu |d 2016-12-01 |l 0 |o FU-17-18 |p 13637 |r 2016-12-01 00:00:00 |w 2016-12-01 |y ARXIU | ||
| 999 | |c 51775 |d 51775 | ||